000 00568cam a22002053a 4500
001 38555
003 PGUSA
005 20140828083842.0
008 120112s2012||||xxu|||||s|||||000 | eng d
040 _aPGUSA
_beng
042 _adc
100 1 _aPenrose, Margaret
245 1 0 _aDorothy Dale in the City
_h[electronic resource] /
_cMargaret Penrose
260 _bProject Gutenberg,
_c2012
506 _aPublic domain in the USA.
516 _aElectronic text
830 0 _aProject Gutenberg
_v38555
856 4 0 _uhttp://www.gutenberg.org/ebooks/38555
942 _cEB
999 _c267809
_d267809